Tablice rejestracyjne w Polsce - Statystyki

Ogólne statystyki
  • Ten quiz został rozwiązany 390 razy
  • Średni wynik to 14 z 16
Statystyki odpowiedzi
Tablica Województwo % Poprawnych
W..., A... Mazowieckie
95%
Z... Zachodniopomorskie
94%
O... Opolskie
93%
D..., V... Dolnośląskie
92%
L... Lubelskie
92%
S... Śląskie
91%
G..., X... Pomorskie
90%
E... Łódzkie
88%
K..., J... Małopolskie
87%
B... Podlaskie
87%
P..., M... Wielkopolskie
86%
R..., Y... Podkarpackie
85%
T... Świętokrzyskie
85%
F... Lubuskie
84%
C... Kujawsko-Pomorskie
80%
N... Warmińsko-Mazurskie
80%
Nie znaleziono quizów pasujących do podanych kryteriów
Rozkład punktacji
Procent ludzi z każdym wynikiem
Percentyl według liczby udzielonych odpowiedzi
Twoja historia wyników
Nie rozwiązałeś tego quizu